000 00237nam a2200097Ia 4500
001 709065
005 20250826162539.0
008 250824s9999 xx 000 0 und d
245 0 _aMURATIN DÜŞÜ
_cEKREM GÜNEŞ
260 _bTUDEM YAYINLARI
999 _c709065
_d709065